000 00788nam a2200217 a 4500
003 PILC
005 20150112093433.0
008 100716s19uu xx 00 eng d
020 _a0521628768
050 _aPE 1128
_b.R459 2000
082 _aLnSF 428.24
_bR39 1997
100 _aRichards, Jack C.
_91426
245 _aNew interchange :
_bEnglish for international communication: Workbook 1B /
_cJack C. Richards with Jonathan Hull and Susan Proctor
260 _aNew York :
_bCambridge University Prs,
_c2000.
300 _a96 pages :
_bill ;
_c28 cm.
650 _aEnglish language - Textbook for foreing speakers
_913949
650 _aCommunication, International- Problems, Exercises etc.
700 _aHull, Jonathan
_913891
700 _aProctor, Susan
_913892
942 _2lcc
_cBK
999 _c14465
_d14465